000 00390nmm a2200145Ia 4500
008 251105s9999||||xx |||||||||||||||||und||
041 _aspa
100 _aBusbee, Shirlee
245 0 _aCita con la pasión
264 _a[Madrid, España] :
_bEdiciones B,
_c2012
300 _a448 páginas
650 _aRomance
856 _uhttps://public.digitaliapublishing.com/a/53366
942 _cCF
999 _c104505
_d104505